LEADER 01433nam 2200385 n 450 001 996395497103316 005 20221108082646.0 035 $a(CKB)3810000000014848 035 $a(EEBO)2240931360 035 $a(UnM)9959345000971 035 $a(EXLCZ)993810000000014848 100 $a20790719d1736 uy 101 0 $aeng 135 $aurbn||||a|bb| 200 10$a[To the honourable the commissioners of His Majesty's excise. The case of Dr. Sayer Rudd, in answer to an information lodged against him ... for retaling spirituous liquors]$b[electronic resource] 210 $a[London $cs.n.]$d1736 215 $a2 p 300 $aTitle and imprint suggested by the British Library. 300 $aSigned: October the 19th 1736. ... Sayer Rudd. 300 $aImperfect: verso only filmed. 300 $aReproduction of original in the British Library. 330 $aeebo-0018 606 $aDistillation$vEarly works to 1800 606 $aLiquors$vEarly works to 1800 615 0$aDistillation 615 0$aLiquors 700 $aRudd$b Sayer$fd. 1757.$01018298 801 0$bUk-ES 801 1$bUk-ES 801 2$bCStRLIN 801 2$bCu-RivES 906 $aBOOK 912 $a996395497103316 996 $aTo the honourable the commissioners of His Majesty's excise. The case of Dr. Sayer Rudd, in answer to an information lodged against him ... for retaling spirituous liquors$92394231 997 $aUNISA LEADER 01331nam 2200361Ia 450 001 996396555203316 005 20221107212031.0 035 $a(CKB)4330000000349758 035 $a(EEBO)2264204498 035 $a(OCoLC)09981141 035 $a(EXLCZ)994330000000349758 100 $a19831004d1694 uy | 101 0 $aeng 135 $aurbn||||a|bb| 200 10$aSome observations made upon the Bengala bean imported from the Indies$b[electronic resource] $eshewing its admirable virtues in curing all sorts of hemorrages, and particularly spitting of blood /$fwritten by a doctor of physick in the countrey to one of his patients in London 210 $a[London $cs.n.]$d1694 215 $a7 p 300 $aAttributed also to John Pechey--NUC pre-1956 imprints. 300 $aReproduction of original in the British Library. 330 $aeebo-0018 606 $aHemorrhage$vEarly works to 1800 606 $aTherapeutics$vEarly works to 1800 615 0$aHemorrhage 615 0$aTherapeutics 700 $aPeachi$b John$ffl. 1683.$01001833 701 $aPechey$b John$f1655-1716.$01001834 801 0$bUMI 801 1$bUMI 801 2$bWaOLN 906 $aBOOK 912 $a996396555203316 996 $aSome observations made upon the Bengala bean imported from the Indies$92334657 997 $aUNISA